[Event "Tournoi francophone 006 Groupe E"]
[Site "Skype"]
[Date "????.??.??"]
[Round "1.1"]
[White "Douichi, Mohammed"]
[Black "Morin, Claude"]
[Result "1-0"]
[WhiteElo "1279"]
[BlackElo "1081"]
[PlyCount "79"]

1. e4 e5 2. Nf3 Nc6 3. Bc4 h6 4. Nc3 Bc5 5. Nd5 Na5 6. d3 c6 7. Ne3 Nf6 8. Nxe5
b5 9. Nxf7 Qe7 10. Nxh8 bxc4 11. Nf5 Qe6 12. Nxg7+ Kd8 13. Nxe6+ dxe6 14. Nf7+
Ke8 15. Ne5 cxd3 16. cxd3 Bb7 17. d4 Bb4+ 18. Bd2 Bxd2+ 19. Qxd2 Nc4 20. Nxc4
Nxe4 21. Nd6+ Nxd6 22. Qxh6 Kd7 23. Qg7+ Kc8 24. Qf8+ Kc7 25. Qe7+ Kc8 26. Qxd6
a5 27. Qxe6+ Kb8 28. O-O a4 29. Qe7 Ba6 30. Qd6+ Kb7 31. Rfc1 Rc8 32. Qb4+ Kc7
33. Qxa4 Bb5 34. Qxb5 Rb8 35. Qxc6+ Kd8 36. Qc7+ Ke8 37. Qxb8+ Ke7 38. Rc7+ Ke6
39. Re1+ Kd5 40. Qd8# 1-0

[Event "Tournoi francophone 006 Groupe E"]
[Site "Skype"]
[Date "????.??.??"]
[Round "1.2"]
[White "Bacha, Mehdi"]
[Black "Lecluyse, Koenraad"]
[Result "1-0"]
[WhiteElo "1066"]
[BlackElo "1225"]
[PlyCount "87"]

1. b3 e5 2. Bb2 d6 3. c4 Nf6 4. e3 c5 5. a3 Nc6 6. d3 Be7 7. Nc3 O-O 8. Nf3 Bg4
9. Be2 Bxf3 10. Bxf3 Qd7 11. O-O Qe6 12. Re1 Rad8 13. Nd5 e4 14. dxe4 Ne5 15.
Nf4 Nxf3+ 16. Qxf3 Qg4 17. Bxf6 Qxf3 18. gxf3 Bxf6 19. Rad1 Bc3 20. Re2 a6 21.
Nd5 Ba5 22. Ne7+ Kh8 23. b4 cxb4 24. axb4 Bxb4 25. Nd5 Bc5 26. Rb2 b5 27. cxb5
axb5 28. Rxb5 f5 29. Rbb1 fxe4 30. fxe4 Rde8 31. Nc3 Re5 32. Kf1 h6 33. Rd5
Rxd5 34. exd5 Rf3 35. Nd1 Rh3 36. Kg2 Rh5 37. Rb8+ Kh7 38. h3 Rxd5 39. Rb1 Re5
40. Kf3 d5 41. Kf4 Rh5 42. Kg4 Re5 43. Kf4 d4 44. Kxe5 1-0

[Event "Tournoi francophone 006 Groupe E"]
[Site "Skype"]
[Date "????.??.??"]
[Round "1.3"]
[White "Moumtaz, Abderrahim"]
[Black "Gagnon, Sindy"]
[Result "1-0"]
[WhiteElo "1191"]
[BlackElo "1000"]
[PlyCount "53"]

1. d4 Nf6 2. c4 c6 3. Nc3 d6 4. Nf3 e6 5. Bg5 Be7 6. e4 h6 7. Bh4 Nbd7 8. Bd3
Qc7 9. O-O e5 10. dxe5 dxe5 11. Qc2 Nf8 12. Bg3 Ng6 13. a3 Ng4 14. h3 Nf6 15.
b4 b6 16. Na4 Nd7 17. c5 bxc5 18. bxc5 Nxc5 19. Nxc5 Bxc5 20. Qxc5 f6 21. Rac1
a5 22. Bb5 cxb5 23. Qxc7 b4 24. a4 b3 25. Qc6+ Kd8 26. Rfd1+ Bd7 27. Qxa8+ 1-0

[Event "Tournoi francophone 006 Groupe E"]
[Site "Skype"]
[Date "????.??.??"]
[Round "1.4"]
[White "Le Bouill, Pierre"]
[Black "Lequeux, Pierre"]
[Result "1-0"]
[WhiteElo "1000"]
[BlackElo "1173"]
[PlyCount "65"]

1. e4 e5 2. Bc4 Nf6 3. d3 Nc6 4. Nf3 Be7 5. h3 h6 6. Nc3 Bb4 7. O-O Bxc3 8.
bxc3 d6 9. a3 O-O 10. Bd5 Nxd5 11. exd5 Ne7 12. d4 exd4 13. Qxd4 c6 14. c4 c5
15. Qc3 b6 16. Bb2 f6 17. Rfe1 Ba6 18. Qe3 Re8 19. Qc3 b5 20. cxb5 Bxb5 21. a4
Ba6 22. Qd2 Qb6 23. Bc3 Qb7 24. Rab1 Qxd5 25. Qf4 Ng6 26. Qg4 Rxe1+ 27. Rxe1
Kh7 28. Nh4 Nxh4 29. Qxh4 Qa2 30. Qe4+ g6 31. Qxa8 Qxc2 32. Qxa7+ Kg8 33. Re8#
1-0

[Event "Tournoi francophone 006 Groupe E"]
[Site "Skype"]
[Date "????.??.??"]
[Round "1.5"]
[White "Rodriguez, Nathalie"]
[Black "Martin, Elise"]
[Result "1-0"]
[WhiteElo "1172"]
[BlackElo "1000"]
[PlyCount "71"]

1. Nf3 d5 2. d4 e6 3. Nc3 Nf6 4. e3 Bb4 5. Bd2 Nc6 6. a3 Ba5 7. Bd3 O-O 8. O-O
h6 9. Ne5 Nxe5 10. dxe5 Nd7 11. f4 d4 12. exd4 Qh4 13. b4 Bb6 14. Be3 Bxd4 15.
Bxd4 Re8 16. Be3 Nf8 17. g3 Qh3 18. Qf3 Ng6 19. Rf2 Nh4 20. gxh4 Qxf3 21. Rxf3
f5 22. Rg3 Re7 23. Rf1 Bd7 24. Bc5 Rf7 25. Rf2 Bb5 26. Nxb5 a6 27. Nd4 c6 28.
Nxe6 Re8 29. Bc4 b5 30. Bb3 h5 31. Rfg2 Kh7 32. Nxg7 Rg8 33. Bxf7 Rf8 34. Bg6+
Kxg7 35. Bxf5+ Kh6 36. Bxf8# 1-0

[Event "Tournoi francophone 006 Groupe E"]
[Site "Skype"]
[Date "????.??.??"]
[Round "1.6"]
[White "Mimouni, Driss"]
[Black "Scata, Laura"]
[Result "1-0"]
[WhiteElo "1000"]
[BlackElo "1164"]
[PlyCount "37"]

1. e4 c6 2. d4 d5 3. f3 Nf6 4. Bd3 dxe4 5. fxe4 Qxd4 6. Nf3 Qd8 7. e5 Nd5 8.
Nc3 Nxc3 9. bxc3 Bg4 10. Qd2 Nd7 11. Qf2 Bxf3 12. Qxf3 Nxe5 13. Qf4 Nxd3+ 14.
cxd3 Qxd3 15. Bb2 e6 16. Rd1 Qc2 17. O-O Bc5+ 18. Rd4 Qxb2 19. Qxf7# 1-0

[Event "Tournoi francophone 006 Groupe E"]
[Site "Skype"]
[Date "????.??.??"]
[Round "1.7"]
[White "Farthouat, Catherine"]
[Black "Schnell, Nicolas"]
[Result "1-0"]
[WhiteElo "1087"]
[BlackElo "1000"]
[PlyCount "54"]

1. e4 e5 2. Nf3 Nc6 3. Bc4 Bc5 4. O-O Nh6 5. Nc3 Qf6 6. Nd5 Bxf2+ 7. Rxf2 Ng4
8. Nxf6+ gxf6 9. Rf1 d6 10. d3 Rg8 11. c3 Ne3 12. Bxe3 Bh3 13. Rf2 Ne7 14. Qb3
Kf8 15. Bxf7 d5 16. Bxg8 Bg4 17. Nh4 Nxg8 18. exd5 Re8 19. Qxb7 e4 20. dxe4 f5
21. Qxc7 Bh5 22. d6 Rxe4 23. d7 Rxe3 24. d8=Q+ Be8 25. Rf3 Re2 26. Rxf5+ Nf6
27. Rxf6+ Kg8 1-0

[Event "Tournoi francophone 006 Groupe E"]
[Site "Skype"]
[Date "????.??.??"]
[Round "2.1"]
[White "Farthouat, Catherine"]
[Black "Douichi, Mohammed"]
[Result "0-1"]
[WhiteElo "1087"]
[BlackElo "1279"]
[PlyCount "36"]

1. e4 e5 2. Nf3 Nc6 3. Bc4 Bc5 4. O-O Nf6 5. Nc3 Ng4 6. d4 exd4 7. Re1 dxc3 8.
bxc3 Nxf2 9. Qe2 Nd3+ 10. Be3 Bxe3+ 11. Qxe3 Nxe1 12. Qxe1 O-O 13. Rb1 Qe7 14.
e5 Qc5+ 15. Kh1 Qxc4 16. Rb3 Re8 17. a3 b6 18. Qe3 Qf1+ 0-1

[Event "Tournoi francophone 006 Groupe E"]
[Site "Skype"]
[Date "????.??.??"]
[Round "2.2"]
[White "Le Bouill, Pierre"]
[Black "Moumtaz, Abderrahim"]
[Result "0-1"]
[WhiteElo "1000"]
[BlackElo "1191"]
[PlyCount "68"]

1. e4 e5 2. d4 exd4 3. c3 d5 4. a3 dxe4 5. cxd4 Nc6 6. Ne2 Nf6 7. h3 Bd6 8. d5
Ne5 9. Nd4 Bc5 10. b4 Bb6 11. Bb5+ c6 12. dxc6 bxc6 13. Ba4 Bxd4 14. Ra2 O-O
15. Bb2 Bxb2 16. Qxd8 Rxd8 17. Rxb2 Ba6 18. b5 cxb5 19. Bxb5 Bxb5 20. Rxb5 Nd3+
21. Ke2 Nf4+ 22. Ke3 Nxg2+ 23. Ke2 Nf4+ 24. Ke3 N4d5+ 25. Ke2 a6 26. Rb3 Rab8
27. Rxb8 Rxb8 28. Nd2 Rb2 29. Rc1 h5 30. Kd1 Nf4 31. Rc2 Rxc2 32. Kxc2 Nxh3 33.
f3 e3 34. Ne4 Nxe4 0-1

[Event "Tournoi francophone 006 Groupe E"]
[Site "Skype"]
[Date "????.??.??"]
[Round "2.3"]
[White "Lecluyse, Koenraad"]
[Black "Mimouni, Driss"]
[Result "1-0"]
[WhiteElo "1225"]
[BlackElo "1000"]
[PlyCount "63"]

1. d4 d5 2. Nf3 Nf6 3. Bf4 e6 4. e3 Nc6 5. c3 Bd6 6. Bg3 O-O 7. Bd3 g6 8. O-O
e5 9. dxe5 Bxe5 10. Nxe5 Nxe5 11. Bxe5 Bg4 12. Qc2 Qd7 13. Bxf6 Qc6 14. h3 Bh5
15. Bd4 f6 16. e4 g5 17. f3 Rf7 18. e5 fxe5 19. Bxe5 Qh6 20. Nd2 Bg6 21. Bxg6
hxg6 22. Qb3 Raf8 23. Qxd5 c6 24. Qd3 Qh4 25. Bd6 g4 26. Bxf8 Kxf8 27. fxg4 Qh7
28. Ne4 Kg7 29. Ng5 Rxf1+ 30. Rxf1 Qh6 31. Rf7+ Kg8 32. Qd8+ 1-0

[Event "Tournoi francophone 006 Groupe E"]
[Site "Skype"]
[Date "????.??.??"]
[Round "2.4"]
[White "Martin, Elise"]
[Black "Bacha, Mehdi"]
[Result "0-1"]
[WhiteElo "1000"]
[BlackElo "1066"]
[PlyCount "94"]

1. e4 Nc6 2. d3 Nd4 3. c3 Nb5 4. c4 Nd4 5. Be3 e5 6. Nf3 Bb4+ 7. Bd2 Nxf3+ 8.
Qxf3 Bxd2+ 9. Nxd2 Nf6 10. Be2 d6 11. O-O Bg4 12. Qg3 Bxe2 13. Rfe1 Bg4 14. h3
Bh5 15. Qxg7 Rg8 16. Qxg8+ Nxg8 17. Re3 Qe7 18. Rg3 O-O-O 19. Rc1 f6 20. d4
exd4 21. Nb3 Qxe4 22. c5 Qe7 23. Nxd4 dxc5 24. Nb5 a6 25. Na7+ Kb8 26. Nc6+
bxc6 27. Rgc3 Rd5 28. Ra3 Be2 29. Rb3+ Kc8 30. Re3 Re5 31. Rg3 Rg5 32. Rgc3 Nh6
33. a4 Nf5 34. a5 Nh4 35. g3 Nf3+ 36. Rxf3 Bxf3 37. Rc3 Bd5 38. b4 Qe1+ 39. Kh2
Qxc3 40. b5 cxb5 41. h4 Rh5 42. Kh3 Be6+ 43. Kg2 Bg4 44. f4 Qf3+ 45. Kh2 Qf2+
46. Kh1 Qxg3 47. f5 Rxh4# 0-1

[Event "Tournoi francophone 006 Groupe E"]
[Site "Skype"]
[Date "????.??.??"]
[Round "2.5"]
[White "Lequeux, Pierre"]
[Black "Rodriguez, Nathalie"]
[Result "0-1"]
[WhiteElo "1173"]
[BlackElo "1172"]
[PlyCount "48"]

1. e4 e6 2. d3 d5 3. Nc3 Nf6 4. exd5 exd5 5. d4 Be7 6. Bb5+ Nc6 7. a3 O-O 8. h3
a6 9. Be2 Be6 10. Nf3 h6 11. O-O Ne4 12. Nxe4 dxe4 13. Nd2 f5 14. c3 Bd6 15.
Nb1 Bd5 16. c4 Bf7 17. d5 Ne5 18. Qd4 Qf6 19. Be3 c5 20. Qc3 f4 21. Bd2 Rae8
22. f3 exf3 23. gxf3 Qg5+ 24. Kf2 Qg3# 0-1

[Event "Tournoi francophone 006 Groupe E"]
[Site "Skype"]
[Date "????.??.??"]
[Round "2.6"]
[White "Scata, Laura"]
[Black "Gagnon, Sindy"]
[Result "1-0"]
[WhiteElo "1164"]
[BlackElo "1000"]
[PlyCount "49"]

1. e4 c6 2. d4 d5 3. exd5 cxd5 4. Bf4 Nc6 5. Bb5 Qd7 6. Nf3 a6 7. Ba4 b5 8. Bb3
e6 9. Ne5 Qc7 10. Qd2 Bd6 11. O-O Nf6 12. Re1 O-O 13. Nxc6 Qxc6 14. Bxd6 Qxd6
15. c3 g5 16. Qxg5+ Kh8 17. Qxf6+ Kg8 18. Re3 a5 19. Rg3+ Qxg3 20. hxg3 Ba6 21.
Nd2 b4 22. cxb4 axb4 23. Nf3 Rfc8 24. Ng5 Kf8 25. Qxf7# 1-0

[Event "Tournoi francophone 006 Groupe E"]
[Site "Skype"]
[Date "????.??.??"]
[Round "2.7"]
[White "Morin, Claude"]
[Black "Schnell, Nicolas"]
[Result "0-1"]
[WhiteElo "1081"]
[BlackElo "1000"]
[PlyCount "46"]

1. e4 e5 2. Nf3 d6 3. Bc4 Qe7 4. O-O g5 5. h3 Qf6 6. Nc3 Qf4 7. d3 Qf6 8. Nd5
Qg6 9. Nxc7+ Kd8 10. Nxa8 Nc6 11. c3 g4 12. Nh4 Qh5 13. hxg4 Qxh4 14. Bxf7 Nf6
15. Bc4 Rg8 16. f3 Rg6 17. Qe1 Rh6 18. Bxh6 Qxh6 19. Bb5 Bxg4 20. f4 Qg5 21.
fxe5 dxe5 22. a4 Bh3 23. Kh2 Qxg2# 0-1

[Event "Tournoi francophone 006 Groupe E"]
[Site "Skype"]
[Date "????.??.??"]
[Round "3.1"]
[White "Douichi, Mohammed"]
[Black "Rodriguez, Nathalie"]
[Result "1/2-1/2"]
[WhiteElo "1279"]
[BlackElo "1172"]
[PlyCount "101"]

1. e4 e6 2. e5 Nc6 3. d4 d5 4. Bb5 Bd7 5. a3 a6 6. Bxc6 Bxc6 7. Nf3 h6 8. Be3
Ne7 9. O-O Ng6 10. Nbd2 Be7 11. c3 O-O 12. b4 f5 13. exf6 Bxf6 14. Re1 Nh4 15.
Bf4 Bg5 16. Bxg5 hxg5 17. Ne5 Be8 18. Qg4 Qf6 19. Qe2 Qh6 20. Ng4 Qh7 21. Qxe6+
Bf7 22. Qe3 Qh5 23. Qe2 Rae8 24. Nf6+ gxf6 25. Qxh5 Bxh5 26. Rxe8 Rxe8 27. Nf1
Bg6 28. Ne3 c6 29. Ng4 Kg7 30. g3 Nf3+ 31. Kg2 Be4 32. Kh3 Rh8+ 33. Kg2 Nxh2+
34. Kg1 Nf3+ 35. Kg2 Nd2+ 36. f3 Nxf3 37. Nf2 Rh2+ 38. Kf1 Nd2+ 39. Ke2 Bf3+
40. Ke3 Ne4 41. Kxf3 Nxf2 42. Ra2 g4+ 43. Ke3 Nd1+ 44. Kd3 Rxa2 45. a4 Nb2+ 46.
Kc2 Nxa4+ 47. Kb3 Ra1 48. c4 b5 49. c5 Rb1+ 50. Ka3 Ra1+ 51. Kb3 1/2-1/2

[Event "Tournoi francophone 006 Groupe E"]
[Site "Skype"]
[Date "????.??.??"]
[Round "3.2"]
[White "Moumtaz, Abderrahim"]
[Black "Bacha, Mehdi"]
[Result "1/2-1/2"]
[WhiteElo "1191"]
[BlackElo "1066"]
[PlyCount "90"]

1. d4 e6 2. c4 d5 3. Nf3 Nc6 4. Nc3 Bb4 5. Bd2 Nf6 6. a3 Bxc3 7. Bxc3 O-O 8. e3
Ne4 9. Qc2 Nxc3 10. Qxc3 a5 11. a4 Qe7 12. Bd3 Qb4 13. O-O Qxc3 14. bxc3 b6 15.
Rfe1 Ba6 16. Ne5 Nxe5 17. dxe5 dxc4 18. Be4 Rad8 19. Rab1 Rb8 20. Bc6 Rfd8 21.
Rbc1 h6 22. h4 Bb7 23. Bxb7 Rxb7 24. e4 b5 25. axb5 Rxb5 26. Rb1 Rxb1 27. Rxb1
a4 28. Kf1 a3 29. Ra1 a2 30. Rxa2 Rd1+ 31. Ke2 Rd8 32. Ra4 g5 33. hxg5 hxg5 34.
Rxc4 Rc8 35. Kf3 Kg7 36. g4 c5 37. Ke3 Rc6 38. Kd3 f6 39. exf6+ Kxf6 40. Ke3
Ke5 41. f3 Kf6 42. Kd3 e5 43. Ke3 Ke6 44. Kd3 Kf6 45. Ke3 Ke6 1/2-1/2

[Event "Tournoi francophone 006 Groupe E"]
[Site "Skype"]
[Date "????.??.??"]
[Round "3.3"]
[White "Lecluyse, Koenraad"]
[Black "Le Bouill, Pierre"]
[Result "0-1"]
[WhiteElo "1225"]
[BlackElo "1000"]
[PlyCount "62"]

1. d4 c5 2. Nf3 Nf6 3. c3 e6 4. Bg5 h6 5. Bh4 Be7 6. Bxf6 Bxf6 7. e3 d6 8. Bd3
O-O 9. O-O Re8 10. Re1 Nc6 11. e4 cxd4 12. c4 Nb4 13. Qb3 Nxd3 14. Qxd3 e5 15.
Nbd2 Be6 16. b4 Rb8 17. Nb3 b5 18. c5 dxc5 19. Nxc5 Bc4 20. Qd1 Be7 21. Na6 Rc8
22. Nxe5 Be6 23. Qd3 Bd6 24. Qxd4 Bxe5 25. Qxe5 Bc4 26. Qg3 Bd3 27. e5 Bc4 28.
a3 f6 29. Rad1 Qe7 30. exf6 Qxe1+ 31. Rxe1 Rxe1# 0-1

[Event "Tournoi francophone 006 Groupe E"]
[Site "Skype"]
[Date "????.??.??"]
[Round "3.4"]
[White "Schnell, Nicolas"]
[Black "Scata, Laura"]
[Result "0-1"]
[WhiteElo "1000"]
[BlackElo "1164"]
[PlyCount "62"]

1. e3 e5 2. Nf3 Nc6 3. Nc3 d5 4. Bb5 a6 5. Ba4 b5 6. Nxb5 axb5 7. Bxb5 Bd7 8.
O-O Nf6 9. Re1 Bd6 10. c3 O-O 11. d4 e4 12. Ng5 h6 13. Nf3 exf3 14. Qxf3 Ne7
15. Bd2 Bxb5 16. e4 dxe4 17. Qh3 Re8 18. Re3 Bf4 19. Rae1 Bxe3 20. Rxe3 Rxa2
21. Re1 Rxb2 22. Be3 Re2 23. g4 Rxe1+ 24. Kg2 Bf1+ 25. Kg3 Bxh3 26. Bf4 Bf1 27.
g5 Nh5+ 28. Kg4 Nxf4 29. Kxf4 Nd5+ 30. Kg4 Qd7+ 31. Kh5 Qh3# 0-1

[Event "Tournoi francophone 006 Groupe E"]
[Site "Skype"]
[Date "????.??.??"]
[Round "3.5"]
[White "Mimouni, Driss"]
[Black "Farthouat, Catherine"]
[Result "0-1"]
[WhiteElo "1000"]
[BlackElo "1087"]
[PlyCount "52"]

1. e4 c5 2. d3 d6 3. Nc3 Nf6 4. d4 cxd4 5. Qxd4 e6 6. Bf4 Nc6 7. Bb5 Bd7 8. Qd2
Be7 9. Bxd6 O-O 10. Bf4 e5 11. Bg5 a6 12. Bc4 Rc8 13. Nf3 h6 14. Bh4 Qc7 15.
Nd5 Nxd5 16. Bxe7 Rfe8 17. Bc5 Be6 18. exd5 Bf5 19. dxc6 Qxc6 20. b4 b6 21.
Nxe5 Rxe5+ 22. Be3 Qxc4 23. Kd1 Rce8 24. Re1 Re4 25. f3 R4e7 26. Qd4 Qxc2# 0-1

[Event "Tournoi francophone 006 Groupe E"]
[Site "Skype"]
[Date "????.??.??"]
[Round "3.6"]
[White "Gagnon, Sindy"]
[Black "Morin, Claude"]
[Result "1-0"]
[WhiteElo "1000"]
[BlackElo "1081"]
[PlyCount "82"]

1. e4 e5 2. Nc3 Nf6 3. Nf3 Nc6 4. d3 g6 5. Be3 Bg7 6. d4 d6 7. Bd3 O-O 8. O-O
Re8 9. a3 Bg4 10. Be2 Re7 11. h3 Be6 12. b4 a6 13. b5 Na5 14. bxa6 Rxa6 15. Rb1
Ra7 16. Nb5 Ra8 17. c4 Nxe4 18. Qd3 Nf6 19. d5 e4 20. Qd2 Bf5 21. Nh4 Bd7 22.
c5 Bxb5 23. Bxb5 dxc5 24. Bxc5 Re5 25. Qd4 Nxd5 26. Rfe1 c6 27. Be2 Nf4 28. Bg4
Qxd4 29. Bxd4 Re6 30. Bxe6 Nxe6 31. Bc5 Nxc5 32. f3 Rd8 33. fxe4 Rd4 34. e5
Rxh4 35. g3 Rxh3 36. Kg2 Rh5 37. g4 Rg5 38. e6 fxe6 39. Red1 Rxg4+ 40. Kf3 Bd4
41. Kxg4 Nc4 1-0

[Event "Tournoi francophone 006 Groupe E"]
[Site "Skype"]
[Date "????.??.??"]
[Round "4.1"]
[White "Bacha, Mehdi"]
[Black "Douichi, Mohammed"]
[Result "1/2-1/2"]
[WhiteElo "1177"]
[BlackElo "1255"]
[PlyCount "132"]

1. b3 e5 2. Bb2 d6 3. c4 Nf6 4. e3 Nc6 5. a3 Bg4 6. Be2 Bxe2 7. Nxe2 d5 8. cxd5
Qxd5 9. Nbc3 Qxg2 10. Rg1 Qxh2 11. d3 O-O-O 12. Ng3 Qxg1+ 13. Ke2 Qg2 14. Nge4
Nxe4 15. Nxe4 Qxe4 16. dxe4 Rxd1 17. Rxd1 Bd6 18. b4 g5 19. f3 h5 20. Rg1 f6
21. Kf1 h4 22. Kg2 h3+ 23. Kg3 Bf8 24. Rh1 Ne7 25. f4 exf4+ 26. exf4 Nf5+ 27.
Kg4 Ne3+ 28. Kg3 Bg7 29. fxg5 fxg5 30. Bxg7 Rh7 31. Bd4 Nf5+ 32. Kg4 Ne3+ 33.
Bxe3 Re7 34. Bxg5 Rxe4+ 35. Kxh3 Re2 36. Kg4 Kd7 37. Rh7+ Kc6 38. Rh6+ Kb5 39.
Kf3 Rc2 40. Be3 Rc3 41. Rh5+ c5 42. bxc5 Rxa3 43. Ke4 a5 44. c6+ Kxc6 45. Rc5+
Kd6 46. Rd5+ Kc7 47. Rc5+ Kb8 48. Bf4+ Ka7 49. Be3 b6 50. Rc7+ Kb8 51. Rc6 Ra4+
52. Bd4 Rb4 53. Rxb6+ Rxb6 54. Bxb6 a4 55. Bd4 Kb7 56. Ba1 Kb6 57. Kd3 Kb5 58.
Kc3 Ka5 59. Kb2 Kb4 60. Ka2 Ka5 61. Bc3+ Kb5 62. Ka3 Kc4 63. Bb4 Kb5 64. Bd2
Kc4 65. Kxa4 Kd3 66. Ka5 Kxd2 1/2-1/2

[Event "Tournoi francophone 006 Groupe E"]
[Site "Skype"]
[Date "????.??.??"]
[Round "4.2"]
[White "Rodriguez, Nathalie"]
[Black "Moumtaz, Abderrahim"]
[Result "0-1"]
[WhiteElo "1172"]
[BlackElo "1191"]
[PlyCount "127"]

1. Nf3 Nf6 2. Nc3 d5 3. d4 e6 4. e3 Nc6 5. Bd3 Bd6 6. a3 O-O 7. h3 Re8 8. O-O
e5 9. Nxe5 Nxe5 10. dxe5 Bxe5 11. f4 Bd6 12. Bd2 Bc5 13. b4 Bxe3+ 14. Bxe3 Rxe3
15. Rf3 Re8 16. Qd2 Be6 17. Re1 a6 18. Re5 Rc8 19. Ne2 Bd7 20. Nd4 Rxe5 21.
fxe5 Ne4 22. Qf4 Qe7 23. Nf5 Bxf5 24. Qxf5 Qe6 25. Qf4 Rf8 26. Bxe4 dxe4 27.
Qxe4 c6 28. Rf4 Re8 29. Rh4 h6 30. Rg4 Qxe5 31. Qf3 Qe3+ 32. Qxe3 Rxe3 33. Kf2
Rxa3 34. Re4 Kf8 35. g4 g5 36. Rd4 Rc3 37. Rd6 Rxc2+ 38. Kg3 Kg7 39. Rd4 c5 40.
bxc5 Rxc5 41. Ra4 Rb5 42. Kf3 Kg6 43. Kg3 Rb3+ 44. Kg2 f5 45. Kh2 f4 46. Kg2
Rg3+ 47. Kf2 Rxh3 48. Re4 Re3 49. Rd4 Re6 50. Kf3 h5 51. gxh5+ Kxh5 52. Rd5 Rf6
53. Rd1 g4+ 54. Kg2 b5 55. Rh1+ Kg5 56. Ra1 f3+ 57. Kg3 f2 58. Rf1 a5 59. Kg2
a4 60. Rxf2 Rxf2+ 61. Kxf2 a3 62. Ke1 a2 63. Kd2 a1=Q 64. Kc2 0-1

[Event "Tournoi francophone 006 Groupe E"]
[Site "Skype"]
[Date "????.??.??"]
[Round "4.3"]
[White "Scata, Laura"]
[Black "Farthouat, Catherine"]
[Result "0-1"]
[WhiteElo "1191"]
[BlackElo "1087"]
[PlyCount "120"]

1. e4 c5 2. Nf3 d6 3. c3 Nf6 4. e5 dxe5 5. Nxe5 e6 6. Bc4 Be7 7. d4 cxd4 8.
cxd4 O-O 9. O-O a6 10. a4 Nbd7 11. Bf4 Nxe5 12. dxe5 Nd7 13. Nc3 Rb8 14. Qc2
Nb6 15. Ba2 Bd7 16. Rad1 Qc7 17. Rfe1 Nxa4 18. Rxd7 Qxd7 19. Nxa4 Qb5 20. Bb1
g6 21. Rd1 Rbc8 22. Nc3 Qb4 23. Bd2 Qc5 24. Qe4 b5 25. Be3 Qc7 26. Rc1 Rfd8 27.
h3 Rb8 28. Bd3 Qb7 29. Qxb7 Rxb7 30. Be4 Rbb8 31. Ne2 a5 32. Kf1 a4 33. Ra1 b4
34. Rxa4 Rdc8 35. Ba7 Rb5 36. Bd4 Bc5 37. Bxc5 Rcxc5 38. Ra8+ Kg7 39. Ke1 Rxe5
40. f3 f5 41. Bc6 Rbc5 42. Ra7+ Kh6 43. Bd7 Rc2 44. Ra4 Rexe2+ 45. Kd1 Rcd2+
46. Kc1 Rxd7 47. Rxb4 Rdd2 48. Kb1 e5 49. g3 e4 50. fxe4 fxe4 51. Ka2 e3 52.
Ka3 Rf2 53. Re4 e2 54. b4 Rd1 55. b5 e1=Q 56. Rxe1 Rxe1 57. b6 Re4 58. b7 Rf3+
59. Kb2 Re2+ 60. Kb1 Rf1# 0-1

[Event "Tournoi francophone 006 Groupe E"]
[Site "Skype"]
[Date "????.??.??"]
[Round "4.4"]
[White "Schnell, Nicolas"]
[Black "Le Bouill, Pierre"]
[Result "1-0"]
[WhiteElo "1000"]
[BlackElo "1000"]
[PlyCount "37"]

1. e4 e5 2. Nf3 Nc6 3. Nc3 Nf6 4. Bd3 Bc5 5. O-O O-O 6. b3 d6 7. Qe1 h6 8. Bc4
Bg4 9. Rb1 Bxf3 10. Be2 Bxg2 11. Kxg2 d5 12. exd5 Nxd5 13. Ne4 Nf4+ 14. Kh1 Qf6
15. Bf3 Bb6 16. Nxf6+ gxf6 17. Rg1+ Kh8 18. Be4 Rfe8 19. Qf1 1-0

[Event "Tournoi francophone 006 Groupe E"]
[Site "Skype"]
[Date "????.??.??"]
[Round "4.5"]
[White "Martin, Elise"]
[Black "Mimouni, Driss"]
[Result "0-1"]
[WhiteElo "1000"]
[BlackElo "1000"]
[PlyCount "72"]

1. e4 e5 2. Nf3 d6 3. Bc4 Nc6 4. d3 Bd7 5. Bb5 a6 6. Bc4 Nh6 7. Bxh6 gxh6 8.
O-O b5 9. Bb3 h5 10. a3 Be7 11. c4 bxc4 12. Bxc4 h4 13. Qb3 Rb8 14. Qa2 Rg8 15.
g3 h3 16. Bxf7+ Kf8 17. Bh5 Rg7 18. Re1 Bh4 19. Kf1 Be8 20. Bxe8 Qxe8 21. Nxh4
Qf7 22. b3 Qf6 23. Nc3 Rf7 24. Re2 Nb4 25. axb4 Rxb4 26. Nd5 Qe6 27. Nxc7 Rxc7
28. Qxa6 Rc8 29. Qxc8+ Qxc8 30. Raa2 Qc1+ 31. Re1 Qc3 32. Ra8+ Kf7 33. Ra7+ Ke6
34. Raa1 Qxd3+ 35. Re2 Rxb3 36. Ra8 Rb1# 0-1

[Event "Tournoi francophone 006 Groupe E"]
[Site "Skype"]
[Date "????.??.??"]
[Round "4.6"]
[White "Morin, Claude"]
[Black "Lecluyse, Koenraad"]
[Result "1-0"]
[WhiteElo "1081"]
[BlackElo "1188"]
[PlyCount "29"]

1. e4 e6 2. d4 d5 3. Nd2 Bb4 4. Bd3 Ne7 5. Ngf3 Nd7 6. O-O O-O 7. e5 Bxd2 8.
Qxd2 c6 9. Ng5 Ng6 10. Qe3 f6 11. Nxh7 Rf7 12. Bxg6 Re7 13. exf6 Nxf6 14. Nxf6+
Kh8 15. Qh3# 1-0

[Event "Tournoi francophone 006 Groupe E"]
[Site "Skype"]
[Date "????.??.??"]
[Round "5.1"]
[White "Moumtaz, Abderrahim"]
[Black "Douichi, Mohammed"]
[Result "1-0"]
[WhiteElo "1191"]
[BlackElo "1255"]
[PlyCount "109"]

1. e4 e5 2. Nf3 Bc5 3. d4 exd4 4. Nxd4 Qh4 5. Qd3 Nf6 6. g3 Qxe4+ 7. Qxe4+ Nxe4
8. Be3 d5 9. Bg2 Bf5 10. Nxf5 Nxg3 11. hxg3 Bxe3 12. fxe3 O-O 13. Bxd5 c6 14.
Bf3 Re8 15. e4 Na6 16. Nc3 Nc7 17. O-O-O Ne6 18. Rh4 Ng5 19. Be2 h6 20. Bc4 Nf3
21. Rg4 g5 22. Nxh6+ Kh7 23. Nxf7 Kg6 24. Nd6 Kh5 25. Rxg5+ Nxg5 26. Nxe8 Rxe8
27. Be2+ Kg6 28. Rd4 Kf6 29. Kd2 Ke5 30. Kd3 Ne6 31. Rb4 Nc5+ 32. Ke3 Rh8 33.
g4 Rh3+ 34. Bf3 Rh2 35. Bd1 a5 36. Rc4 Ne6 37. b4 axb4 38. Rxb4 Rh3+ 39. Kd2
Nd8 40. a4 Kf4 41. a5 c5 42. Rc4 Ne6 43. Ra4 Nc7 44. Rc4 Na6 45. Ne2+ Kxg4 46.
Ng1+ Kg3 47. Nxh3 Kxh3 48. e5 Kg3 49. e6 Nc7 50. e7 Kg2 51. Rxc5 Ne8 52. Rc8
Nf6 53. e8=Q Nxe8 54. Rxe8 Kg3 55. Rb8 1-0

[Event "Tournoi francophone 006 Groupe E"]
[Site "Skype"]
[Date "????.??.??"]
[Round "5.2"]
[White "Farthouat, Catherine"]
[Black "Bacha, Mehdi"]
[Result "1-0"]
[WhiteElo "1087"]
[BlackElo "1177"]
[PlyCount "87"]

1. d4 d5 2. c4 e6 3. Nf3 Bb4+ 4. Bd2 Bxd2+ 5. Nbxd2 Nf6 6. e3 Ne4 7. Bd3 Nxd2
8. Qxd2 h6 9. O-O O-O 10. Rac1 Nd7 11. c5 Nf6 12. b4 Ne4 13. Qc2 c6 14. Bxe4
dxe4 15. Qxe4 Bd7 16. a4 a6 17. Nd2 Re8 18. Nc4 Qg5 19. Nd6 Rf8 20. Nxb7 Rab8
21. Na5 Rxb4 22. Nxc6 Bxc6 23. Qxc6 Rbb8 24. Qxa6 Ra8 25. Qc4 Qd5 26. Rfe1 Qxc4
27. Rxc4 Rfe8 28. e4 g5 29. Kf1 Kg7 30. d5 exd5 31. exd5 Rxe1+ 32. Kxe1 Re8+
33. Kf1 Kg6 34. d6 Kf6 35. c6 Rb8 36. d7 Rb1+ 37. Ke2 Rb2+ 38. Kf3 Rb3+ 39. Kg4
Rd3 40. c7 Rxd7 41. c8=Q Re7 42. Rc6+ Kg7 43. Qf5 Kf8 44. Rxh6 1-0

[Event "Tournoi francophone 006 Groupe E"]
[Site "Skype"]
[Date "????.??.??"]
[Round "5.3"]
[White "Gagnon, Sindy"]
[Black "Rodriguez, Nathalie"]
[Result "0-1"]
[WhiteElo "1000"]
[BlackElo "1172"]
[PlyCount "54"]

1. e4 e6 2. Nc3 d5 3. d3 Nf6 4. Nf3 Bd6 5. exd5 Nxd5 6. Ne4 Be7 7. Be2 h6 8.
O-O O-O 9. d4 f5 10. Ng3 Nc6 11. Qd3 Ncb4 12. Qc4 Bd7 13. b3 a6 14. Bb2 b5 15.
Qd3 Nxd3 16. Bxd3 Nf4 17. d5 Nxd5 18. Nh5 g6 19. Ng7 Bf6 20. Ba3 Rf7 21. Nh5
gxh5 22. Rad1 Nc3 23. Ra1 Rg7 24. g3 Bc6 25. Nh4 Bxh4 26. Bc1 Qd5 27. Bxh6 Qg2#
0-1

[Event "Tournoi francophone 006 Groupe E"]
[Site "Skype"]
[Date "????.??.??"]
[Round "5.4"]
[White "Le Bouill, Pierre"]
[Black "Scata, Laura"]
[Result "1-0"]
[WhiteElo "1000"]
[BlackElo "1191"]
[PlyCount "59"]

1. e4 c6 2. Bc4 d5 3. Bb3 dxe4 4. Nc3 Nf6 5. h3 e6 6. d3 exd3 7. cxd3 Bc5 8.
Nf3 h6 9. O-O Qc7 10. d4 Bd6 11. Ne5 Bxe5 12. dxe5 Qxe5 13. Re1 Qc7 14. Ne4
Nbd7 15. Nd6+ Ke7 16. Nf5+ Kd8 17. Nxg7 Rg8 18. Bxh6 b6 19. Bg5 Bb7 20. Bxf6+
Kc8 21. Bc3 Nc5 22. Bc4 Ba6 23. Bxa6+ Nxa6 24. Qe2 Nc5 25. b4 Nd7 26. Rad1 c5
27. bxc5 Qxc5 28. Qd3 Qf8 29. Qxd7+ Kb8 30. Be5+ 1-0